<?xml version="1.0" encoding="UTF-8"?><?xml-stylesheet type="text/xsl" href="static/style.xsl"?><OAI-PMH xmlns="http://www.openarchives.org/OAI/2.0/" xmlns:xsi="http://www.w3.org/2001/XMLSchema-instance" xsi:schemaLocation="http://www.openarchives.org/OAI/2.0/ http://www.openarchives.org/OAI/2.0/OAI-PMH.xsd"><responseDate>2026-04-13T02:25:18Z</responseDate><request verb="GetRecord" identifier="oai:www.recercat.cat:10256/17120" metadataPrefix="marc">https://recercat.cat/oai/request</request><GetRecord><record><header><identifier>oai:recercat.cat:10256/17120</identifier><datestamp>2024-05-22T11:21:54Z</datestamp><setSpec>com_2072_452966</setSpec><setSpec>com_2072_2054</setSpec><setSpec>col_2072_452968</setSpec></header><metadata><record xmlns="http://www.loc.gov/MARC21/slim" xmlns:dcterms="http://purl.org/dc/terms/" xmlns:xsi="http://www.w3.org/2001/XMLSchema-instance" xmlns:doc="http://www.lyncode.com/xoai" xsi:schemaLocation="http://www.loc.gov/MARC21/slim http://www.loc.gov/standards/marcxml/schema/MARC21slim.xsd">
   <leader>00925njm 22002777a 4500</leader>
   <datafield ind2=" " ind1=" " tag="042">
      <subfield code="a">dc</subfield>
   </datafield>
   <datafield ind2=" " ind1=" " tag="720">
      <subfield code="a">El Kafroune Taadou, Amal</subfield>
      <subfield code="e">author</subfield>
   </datafield>
   <datafield ind2=" " ind1=" " tag="260">
      <subfield code="c">2019-06-11</subfield>
   </datafield>
   <datafield ind2=" " ind1=" " tag="520">
      <subfield code="a">Mena i Harrag dues etiquetes que es refereixen a un mateix col·lectiu, els joves migrants sense referents familiars al territori. Són dues etiquetes que aquests joves perceben i s’hi identifiquen diferent segons les experiències viscudes durant i després del procés migratori. Aquesta investigació té com a objectiu conèixer com es defineixen els joves migrants sense referents familiars al territori a partir de les etiquetes Mena i Harrag i els conceptes que hi relacionen. 110 joves migrants sense referents familiars al territori de la província de Girona, d’entre 17-21 anys, han expressat les seves opinions&#xd;
a partir de dues preguntes. Els resultat obtinguts reflecteixen les barreres que aquest col·lectiu pateixen i les necessitats socials i personals que presenten</subfield>
   </datafield>
   <datafield ind2=" " ind1=" " tag="520">
      <subfield code="a">Mena y Harrag, dos etiquetes que se refieren a un mismo colectivo, los&#xd;
jóvenes sin referentes familiares al territorio. Son dos etiquetas que los&#xd;
jóvenes perciben y se identifican diferente según las experiencias vividas&#xd;
durante y después del proceso migratorio. Esta investigación tiene&#xd;
como objetivo conocer cómo se definen los jóvenes migrantes sin referentes&#xd;
familiares al territorio a partir de las etiquetas Mena - Harrag y los conceptos&#xd;
que relacionan. 110 jóvenes migrantes sin referentes familiares al territorio de&#xd;
la provincia de Gerona, de entre 17-21 años, han expresado sus opiniones a&#xd;
partir de dos preguntas. Los resultados obtenidos reflejan las barreras que este colectivo sufre y las necesidades sociales y personales que presentan</subfield>
   </datafield>
   <datafield ind2=" " ind1=" " tag="520">
      <subfield code="a">Mena and Harrag two social tags that refer to the same group, young people&#xd;
without family references in the territory. These are two tags that these&#xd;
young people perceive and identify themselves differently according to the&#xd;
experiences lived during and after the migration process. This research aims to know how to define young migrants without family references in the territory defines themselves by the tags Mena and Harrag and which concepts relate to it. 110 young migrants without family references in the territory of the     province of Girona, between 17-21 years old, have expressed their opinions from two questions. The results obtained reflect the barriers that this group suffers and the social and personal needs that they present</subfield>
   </datafield>
   <datafield ind1="8" ind2=" " tag="024">
      <subfield code="a">http://hdl.handle.net/10256/17120</subfield>
   </datafield>
   <datafield tag="653" ind2=" " ind1=" ">
      <subfield code="a">Atribució (Psicologia social)</subfield>
   </datafield>
   <datafield tag="653" ind2=" " ind1=" ">
      <subfield code="a">Classisme</subfield>
   </datafield>
   <datafield tag="653" ind2=" " ind1=" ">
      <subfield code="a">Discriminació racial</subfield>
   </datafield>
   <datafield tag="653" ind2=" " ind1=" ">
      <subfield code="a">Identitat (Concepte filosòfic)</subfield>
   </datafield>
   <datafield tag="653" ind2=" " ind1=" ">
      <subfield code="a">Percepció social</subfield>
   </datafield>
   <datafield tag="653" ind2=" " ind1=" ">
      <subfield code="a">Prejudicis -- Emigració i immigració</subfield>
   </datafield>
   <datafield tag="653" ind2=" " ind1=" ">
      <subfield code="a">Social perception</subfield>
   </datafield>
   <datafield tag="653" ind2=" " ind1=" ">
      <subfield code="a">Classism</subfield>
   </datafield>
   <datafield tag="653" ind2=" " ind1=" ">
      <subfield code="a">Race discrimination</subfield>
   </datafield>
   <datafield tag="653" ind2=" " ind1=" ">
      <subfield code="a">Identity (Philosophical concept)</subfield>
   </datafield>
   <datafield tag="653" ind2=" " ind1=" ">
      <subfield code="a">Prejudices -- Emigration and immigration</subfield>
   </datafield>
   <datafield ind2="0" ind1="0" tag="245">
      <subfield code="a">La influència de les etiquetes MENA i HARRAG en la construcció de la identitat dels joves migrants sense referents familiars al territori</subfield>
   </datafield>
</record></metadata></record></GetRecord></OAI-PMH>